Detalles MARC
| 000 -CABECERA |
| campo de control de longitud fija |
02475nam a2200289 a 4500 |
| 001 - NÚMERO DE CONTROL |
| campo de control |
000022644 |
| 005 - FECHA Y HORA DE LA ÚLTIMA TRANSACCIÓN |
| campo de control |
20200930021720.0 |
| 008 - DATOS DE LONGITUD FIJA--INFORMACIÓN GENERAL |
| campo de control de longitud fija |
101014s2009 dr ac 001 0 spa d |
| 040 ## - FUENTE DE LA CATALOGACIÓN |
| Centro catalogador/agencia de origen |
DO-SdBNP |
| Lengua de catalogación |
spa |
| Centro/agencia transcriptor |
BNPHU |
| 082 ## - NÚMERO DE LA CLASIFICACIÓN DECIMAL DEWEY |
| Número de clasificación |
345.05 |
| Número de documento/Ítem |
A169j |
| 111 2# - ENTRADA PRINCIPAL--NOMBRE DE CONGRESO/REUNIÓN |
| Nombre de congreso/reunión o jurisdicción como elemento de entrada |
Congreso Nacional de Defensa Pública |
| Número del congreso/reunión o número de parte o sección |
(2 : |
| Fecha del congreso/reunión |
2008 jul. 15-16 : |
| Sede del congreso/Lugar de la reunión |
Santo Domingo) |
| 9 (RLIN) |
46595 |
| 245 10 - MENCIÓN DE TÍTULO |
| Título |
Acceso a la justicia, proceso penal y sistema de garantías : |
| Resto del título |
contentivo de una recopilación de las ponencias del congreso / |
| Mención de responsabilidad, etc. |
en torno a la participación del Dr. Luigi Ferrajoli ; coordinación general Lino Vásquez Sámuel ; coordinación de la edición Marien Montero Beard. |
| 260 ## - PUBLICACIÓN, DISTRIBUCIÓN, ETC. |
| Lugar de publicación, distribución, etc. |
Santo Domingo : |
| Nombre del editor, distribuidor, etc. |
Comisionado de Apoyo a la Reforma y Modernización de la Justicia, |
| Fecha de publicación, distribución, etc. |
2009. |
| 300 ## - DESCRIPCIÓN FÍSICA |
| Extensión |
146 p. : |
| Otras características físicas |
il., retrs. ; |
| Dimensiones |
25 cm. |
| 504 ## - NOTA DE BIBLIOGRAFÍA, ETC. |
| Nota de bibliografía, etc. |
Incluye bibliografía y notas al pie de páginas. |
| 505 0# - NOTA DE CONTENIDO CON FORMATO |
| Información miscelánea |
Presentación / |
| Mención de responsabilidad |
Lino Vásquez Sámuel -- |
| Título |
Palabras de bienvenida / |
| Mención de responsabilidad |
Mag. Jorge A. Subero Isa -- |
| Título |
Palabras de apertura / |
| Mención de responsabilidad |
Dra. Laura Hernández -- |
| Título |
Palabras de apertura / |
| Mención de responsabilidad |
Dr. Alejandro Moscoso Segarra -- |
| Título |
"Los fundamentos del instituto de la defensa pública" / |
| Mención de responsabilidad |
Luigi Ferrajoli -- |
| Título |
"Defensa pública como garante de acceso a la justicia" / |
| Mención de responsabilidad |
Dr. César Pina Toribio -- |
| Título |
"La lucha por los derechos y los retos de la globalización" -- |
| Mención de responsabilidad |
Dr. Alberto Filippi -- |
| Título |
"La revuelta contra el garantismo" -- |
| Mención de responsabilidad |
Dr. Juan Manuel Pellerano Gómez -- |
| Título |
Panel "Reforma constitucional y sistema de garantías "-- |
| -- |
Panel "La justicia y las entidades del proceso penal -- |
| -- |
"Balance del proceso penal dominicano en la afirmación de un sistema de garantías" / |
| -- |
Lic. Ramón Núñez -- |
| -- |
Palabras de clausura / |
| Mención de responsabilidad |
Dra. Laura Hernández R. -- |
| Título |
"Democracia constitucional y derechos fundamentales en el tiempo de la globalización" / |
| Mención de responsabilidad |
Dr. Luigi Ferrajoli -- |
| Información miscelánea |
Galería de imágenes. |
| 590 ## - NOTA LOCAL (RLIN) |
| Nota local |
Inventariado,2018/DG |
| 650 #4 - PUNTO DE ACCESO ADICIONAL DE MATERIA--TÉRMINO DE MATERIA |
| Término de materia o nombre geográfico como elemento de entrada |
Procedimiento penal |
| Subdivisión geográfica |
República Dominicana |
| Subdivisión general |
Congresos, conferencias, etc. |
| 9 (RLIN) |
46596 |
| 650 #4 - PUNTO DE ACCESO ADICIONAL DE MATERIA--TÉRMINO DE MATERIA |
| Término de materia o nombre geográfico como elemento de entrada |
Derecho procesal |
| Subdivisión geográfica |
República Dominicana |
| Subdivisión general |
Congresos, conferencias, etc. |
| 9 (RLIN) |
46597 |
| 650 #4 - PUNTO DE ACCESO ADICIONAL DE MATERIA--TÉRMINO DE MATERIA |
| Término de materia o nombre geográfico como elemento de entrada |
Derecho civil |
| Subdivisión geográfica |
República Dominicana |
| Subdivisión general |
Congresos, conferencias, etc. |
| 9 (RLIN) |
46598 |
| 650 #4 - PUNTO DE ACCESO ADICIONAL DE MATERIA--TÉRMINO DE MATERIA |
| Término de materia o nombre geográfico como elemento de entrada |
Defensa (procedimiento penal) |
| Subdivisión general |
Congresos, conferencias, etc. |
| 9 (RLIN) |
46599 |
| 650 #4 - PUNTO DE ACCESO ADICIONAL DE MATERIA--TÉRMINO DE MATERIA |
| Término de materia o nombre geográfico como elemento de entrada |
Fianzas |
| Subdivisión general |
Congresos, conferencias, etc. |
| 9 (RLIN) |
46600 |
| 710 1# - PUNTO DE ACCESO ADICIONAL--NOMBRE DE ENTIDAD CORPORATIVA |
| Nombre de entidad corporativa o nombre de jurisdicción como elemento de entrada |
Ferrajoli, Luigi |
| 9 (RLIN) |
46601 |
| 710 1# - PUNTO DE ACCESO ADICIONAL--NOMBRE DE ENTIDAD CORPORATIVA |
| Nombre de entidad corporativa o nombre de jurisdicción como elemento de entrada |
Vásquez Sámuel, Lino, |
| Término indicativo de función/relación |
coord. |
| 9 (RLIN) |
46602 |
| 710 1# - PUNTO DE ACCESO ADICIONAL--NOMBRE DE ENTIDAD CORPORATIVA |
| Nombre de entidad corporativa o nombre de jurisdicción como elemento de entrada |
Montero Beard, Marien, |
| Fecha del congreso/reunión o de la firma de un tratado |
ed. |
| 9 (RLIN) |
46603 |
| 910 ## - DATOS DE OPCIÓN DEL USUARIO (OCLC) |
| Datos de opción del usuario |
Validado. Control de calidad EMS |